000 00741nam a2200217Ii 4500
003 JO-AjNU
008 230605s9999||||xx |||||||||||||| ||und||
040 _aJO-AjNU
_bara
_erda
_cJO-AjNU
041 _aara
050 1 4 _aHQ799.A7 .H3 1980
100 3 _aحطب، زهير / م.مشارك: عباس مكي,
_eauthor
_916820
245 0 0 _aالطفرة والشباب
250 _aط1
264 3 1 _aبيروت: معهد الانماء العربي، 1980
300 _a162ص
_bيحتوي ببلوغرافية من ص 159-162ص
336 _atext
_btxt
_2rdacontent
337 _aunmediated
_bn
_2rdamedia
338 _avolume
_bnc
_2rdacarrier
490 0 _aالدراسات الانسانية
650 4 _aالشباب -رعاية
_916821
999 _aA5070
_c8638
_d8638